Music Quiz

Random Music or Lyrics Quiz

Find The Lyrics (Radiohead) Quiz Stats

 Plays Quiz not verified by Sporcle

Challenge
Share
Tweet
Embed
Score 0/124 Timer 06:00
1 Play Today
% Correct
A
94.7%
A
94.7%
And
94.7%
And
94.7%
And
94.7%
You
90.7%
You
90.7%
You
90.7%
You
90.7%
You
90.7%
You.
90.7%
Me
72.4%
Me
72.4%
Me
72.4%
Me.
72.4%
To
71.5%
To
70.3%
To
70.3%
To
70.3%
To
70.3%
To
70.3%
It
68.4%
It
68.4%
It
68.4%
It
68.4%
Be
65.4%
In
64.7%
In
64.7%
We
64%
We
64%
Your
60.3%
Your
60.3%
Your
60.3%
Your
60.3%
Your
60.3%
Are
58.6%
Are
58.5%
Go
54.7%
On
53.9%
On
53.9%
On
53.9%
On
53.9%
% Correct
There.
52.6%
There.
52.6%
There.
52.6%
There.
52.6%
There
52.6%
There.
52.6%
Just
50.7%
Just
50.7%
Just
50.7%
Just
50.7%
It's
47%
It's
47%
It's
47%
It's
47%
So
45.1%
Why
44.5%
As
44.1%
Cos
42.8%
Cos
42.8%
Cos
42.8%
Cos
42.8%
I
42.3%
I
42.3%
Feel
41.1%
Feel
41.1%
Feel
41.1%
Feel
41.1%
From
40.6%
Doesn't
39.2%
Doesn't
39.2%
Doesn't
39.2%
Doesn't
39.2%
Mean
38.4%
Mean
38.4%
Mean
38.4%
Mean
38.4%
Walking
36%
Walking
36%
Always
31.8%
Landscape.
31.3%
Dark
30.1%
Away
29.9%
% Correct
These
29.9%
There's
29.9%
Shipwreck.
29.9%
There's
29.9%
There's
29.9%
There's
29.9%
There's
29.9%
Broken
29.4%
Disaster.
29.4%
Waiting
29.4%
Waiting
29.4%
Waiting
29.4%
Waiting
29.4%
Singing
29.1%
Pitch
28.8%
Happen.
28.8%
Happen.
28.8%
Siren
28.6%
Branches
28.3%
Accidents
27.5%
Accidents
27.5%
Trip
27.2%
Stay
26.2%
Speak.
25.1%
Lonely
24.5%
Lonely
24.5%
Lonely.
24.5%
Green.
24.1%
Rocks,
23.1%
Shoulder.
19.4%
Shoulder.
19.4%
Shoulder.
19.4%
Shoulder.
19.4%
Sent
18.8%
Heaven
18.3%
Someone
16.7%
Someone
16.7%
Someone
16.7%
Someone
16.7%
We'd
16.1%

You're not logged in!

Compare scores with friends on all Sporcle quizzes.
OR
Log In

You Might Also Like...

Show Comments

Extras

Created Aug 19, 2010ReportNominate
Tags:Lyrics Quiz, Radiohead

Top Quizzes Today


Score Distribution

Your Account Isn't Verified!

In order to create a playlist on Sporcle, you need to verify the email address you used during registration. Go to your Sporcle Settings to finish the process.

Report this User

Report this user for behavior that violates our Community Guidelines.

Details: